| 000 | 00757nam a2200253 i 4500 | ||
|---|---|---|---|
| 001 | 173038 | ||
| 003 | ES-MaACL | ||
| 005 | 20230906215120.0 | ||
| 008 | 091016s1997 fr |||| | fre d | ||
| 020 | _a2-912107-01-6 | ||
| 080 | _a654.197:316.774 | ||
| 080 | _a070.15(44) | ||
| 100 | 1 |
_aHalimi, Serge. _9141461 |
|
| 245 | 1 | 4 |
_aLes nouveaux chiens de garde / _cSerge Halimi. |
| 250 | _a8 éd. | ||
| 260 |
_aParis : _bLiber, _c1997. |
||
| 300 |
_a110 p. ; _c18 cm. |
||
| 490 | 1 | _aRaisons d'agir | |
| 650 | 0 | 4 |
_aTelevisión- _xAspectos sociales. _917439 |
| 650 | 4 |
_aPeriodismo- _zFrancia. _9141462 |
|
| 830 | 0 |
_aRaisons d'agir _9223476 |
|
| 852 | 4 |
_aES-MaACL _jE-13005 _9R.139374 . - _zBiblioteca Jacinto Martínez Lacalle |
|
| 999 |
_c173038 _d173038 |
||